| 000 | 00911nam a2200241Ii 4500 | ||
|---|---|---|---|
| 003 | JO-AjNU | ||
| 008 | 230605s9999||||xx |||||||||||||| ||und|| | ||
| 017 | _a2008/21856 | ||
| 020 | _a977-282-386-1 | ||
| 040 |
_aJO-AjNU _bara _erda _cJO-AjNU |
||
| 041 | _aara | ||
| 050 | 1 | 4 | _aHG4026 2009 |
| 100 | 3 |
_aتاليف: زيجلر،بريان ؛ نرجمة شرين الاشرفي ؛ مراجعة: محمد وفائي كامل, _eauthor _934096 |
|
| 245 | 0 | 0 | _aالادارة المالية= Financial Management |
| 250 | _aط1 العربية | ||
| 264 | 3 | 1 | _aالقاهرة: الدار الدولية للاستثمارات الثقافية، 2009 |
| 300 | _a80ص | ||
| 336 |
_atext _btxt _2rdacontent |
||
| 337 |
_aunmediated _bn _2rdamedia |
||
| 338 |
_avolume _bnc _2rdacarrier |
||
| 490 | 0 | _aسلسلة الادارة للمشروعات الصغيرة | |
| 650 | 4 |
_aالادارة المالية _934097 |
|
| 999 |
_aA13943 _c17511 _d17511 |
||